Erec y Enide

Guardat en:
Dades bibliogràfiques
Autor principal: Vázquez Montalbán, Manuel (Autor)
Format: Llibre
Idioma:espanyol
Publicat: Barcelona Random House Mondadori 2002
Col·lecció:Areté
Matèries:
Etiquetes: Afegir etiqueta
Sense etiquetes, Sigues el primer a etiquetar aquest registre!

MARC

LEADER 00000nam a2200000 a 4500
001 UCM6383
003 CL-VaPUC
008 021108e20020300SP |||||||||||||||||spa|d
082 0 4 |a 863  |b VAZ  |2 21 
100 0 |a Vázquez Montalbán, Manuel  |e author  |9 472198 
245 1 0 |a Erec y Enide 
300 |a 267 p 
942 |c BK 
945 |d 20021108 00:00:00  |a cmena 
260 |a Barcelona  |b Random House Mondadori  |c 2002 
650 0 |a Novelas españolas  |9 265052 
650 0 |a Literatura española  |9 306261 
583 |a last modification  |c 20021108 00:00:00  |k Rodrigo Vera 
490 0 |a Areté 
999 |c 301793  |d 301791 
952 |0 0  |1 0  |4 0  |6 863_000000000000000_VAZ_2002  |7 0  |8 A  |9 361440  |a FDOPOS  |b FDOPOS  |d 2019-11-21  |i 3844293  |o 863 VAZ 2002  |p 3844293  |r 2025-01-22  |w 2019-11-21  |y BK  |k MLH